000 00755nam a22002297a 4500
003 UA-OsUOA
001 54720
007 ta
008 20080710b un ||||| |||| 00| 0 ukr d
100 _aТеньков С.О.
090 _a346.1(477)(094,4)
_bТ33
942 _cBK
040 _aUA-OsUOA
_bukr
_cUA-OsUOA
_dUA-OsUOA
245 _aНауково-практичний коментар до господарського кодексу України
300 _a720 с.
955 _a2
041 _aukr
080 _a346.1(477)(094,4)
260 _aК.
_bА.С.К.
_c2004
650 7 _a346 Господарське право. Правові основи державного регулювання економікою
_2UDC
999 _c340798
_d340798